Electronic engineering.
Gorde:
| Egile nagusia: | |
|---|---|
| Beste egile batzuk: | |
| Formatua: | Liburua |
| Hizkuntza: | English |
| Argitaratua: |
New York, Wiley
1962
|
| Gaiak: | |
| Etiketak: |
Etiketa erantsi
Etiketarik gabe, Izan zaitez lehena erregistro honi etiketa jartzen!
|
MARC
| LEADER | 00000nam a2200000Ia 4500 | ||
|---|---|---|---|
| 003 | L000347 | ||
| 005 | 20221231143940.0 | ||
| 008 | 140114s9999 nyua 000 ||eng d | ||
| 040 | |c cru CEDI | ||
| 082 | |a 621.381 A471e2 | ||
| 100 | |a Alley, Charles L. |9 19275 | ||
| 245 | |a Electronic engineering. | ||
| 260 | |a New York, Wiley |c 1962 | ||
| 300 | |a 646 páginas; ilustraciones | ||
| 651 | |x ELECTRONICA |9 19304 | ||
| 700 | |9 19274 |a Atwood, Kenneth W. | ||
| 942 | |2 ddc |c BK | ||
| 999 | |c 14672 |d 14672 | ||
